000 00365pab a2200157 454500
008 180718b2003 xxu||||| |||| 00| 0 eng d
100 _aSaraf, Vasant K.
245 _aGood governance : the police scenario
260 _c2003
300 _ap.1-8.
362 _aJul-Sep
650 _aPolice
650 _aGood governance
773 _aAshwattha
909 _a58464
999 _c58464
_d58464